Statistics for NBA top 10

Click here to take the quiz!

General Stats

  • This quiz has been taken 20 times
  • The average score is 10 of 15

Answer Stats

HintAnswer% Correct
2Lebron James
100%
1Michael Jordan
100%
10Kobe Bryant
89%
8Larry Bird
89%
5Magic Johnson
83%
9Tim Duncan
83%
13Stephen Curry
72%
6Wilt Chamberlain
72%
15Jerry West
61%
3Kareem
56%
12Oscar Robertson
56%
7Shaq
44%
14Julius Erving
39%
4Bill Russel
33%
11Hakkem
0%

Score Distribution

Percentile by Number Answered

Percent of People with Each Score

Your Score History

You have not taken this quiz